GOODMAN & GILMAN'S THE PHARMACOLOGICAL BASIC OF THERAPEUTICS (Record no. 8224)

MARC details
000 -LEADER
fixed length control field 00522nam a22001817a 4500
005 - DATE AND TIME OF LATEST TRANSACTION
control field 20230128130008.0
008 - FIXED-LENGTH DATA ELEMENTS--GENERAL INFORMATION
fixed length control field 230128b |||||||| |||| 00| 0 eng d
020 ## - INTERNATIONAL STANDARD BOOK NUMBER
ISBN 978-1-259-58473
041 ## - LANGUAGE CODE
Language code of text/sound track or separate title eng
082 ## - DEWEY DECIMAL CLASSIFICATION NUMBER
Classification number 615.7 BRU-G
100 ## - MAIN ENTRY--AUTHOR NAME
Personal name BRUNTON , LAURENCE L. ,DANADAN ,RANDA HILAL AND OTHERS
245 ## - TITLE STATEMENT
Title GOODMAN & GILMAN'S THE PHARMACOLOGICAL BASIC OF THERAPEUTICS
250 ## - EDITION STATEMENT
Edition statement 13th ed.
260 ## - PUBLICATION, DISTRIBUTION, ETC. (IMPRINT)
Name of publisher MC GRAW HILL EDUCATION
300 ## - PHYSICAL DESCRIPTION
Number of Pages 1419;P.
650 ## - SUBJECT ADDED ENTRY--TOPICAL TERM
Topical Term PHARMACY
General subdivision D.PHARMA
942 ## - ADDED ENTRY ELEMENTS (KOHA)
Koha item type Books

No items available.